1438 1042 1843 1216 1506 1018 1530 1826 1579 1251 1559 1471 1533 1867 1932 1574 1738 1720 1564 1581 1548 1335 1447 1184 1339 1170 1453 1812 1276 1928 1539 1577 1118 1858 1233 1754 1038 1860 1248 1513 1479 1486 1324 1919 1977 1808 1347 1793 1681 1148 1088 1697 1990 1613 1600 1826 1809 1011 1609 1733 1776 1100 1926 1588 1542 1521 1638 1757 1775 1865 1495 1455 1001 1435 1397 1195 1710 1294 1188 1241 1618 1360 1982 1883 1486 1131 1438 1283 1052 1050 1888 1622 1541 1232 1799 1458 1237 1673 1936 BCNSPRNW ULIB Ver.6.0+V

เปลี่ยนเป็นภาษาไทย

Change to English
 แสดงรายละเอียดบรรณานุกรม
  กลับหน้าหลัก

Brief Record : Get Marc (ISO 2709) : E-mail record : QR code < ปิดหน้าต่าง
LEADER : 00000nam 2200000uu 4500
001    13399124806
003     ULIB
008    020711s2016 th a 000 0 eng d
020    ^a9781451192551
060    ^aWY160^bG381p
100    ^aGersch, Carolyn, Heimgarner, Nicole M., Rebar, Cherie R. & Willis, Laura M.
245    ^aPsychiatric nursing made incredibly easy
250    ^a2nd ed
260    ^aPhiladephia :^bWolters Kluwer,^c2016
300    ^a534 pages;^b23 cm cm
650    ^aPsychiatric Nursing.
945    ^p1750^l0^i000356
999    ^aประนอม เกษจรัล
รายการนี้ยังไม่มีแท็ก
คุณยังไม่ได้ล็อกอิน คุณสามารถมีกิจกรรมร่วมกับเว็บไซต์ได้ แต่ต้องล็อกอินก่อน ::
  ล็อกอิน

รายการสื่อสารสนเทศ

ลำดับที่ ประเภท เลขเรียก/บาร์โค้ด สถานที่ สถานะ
1. Book การพยาบาล
Book การพยาบาล
WY160 G381p ฉ.1 
  Barcode: 000356
ห้องสมุดวิทยาเขตสวรรค์ประชารักษ์
►หนังสือทั่วไป
ถูกยืม กำหนดส่งวันที่ 1 มีนาคม 2569
  จอง

รายการใกล้เคียง
    หัวเรื่อง [Psychiatric Nursing.]

BibComment


ยังไม่เคยถูกคอมเมนท์

คอมเมนท์ทรัพยากรรายการนี้
  คอมเมนท์: Psychiatric nurs..


 Copyright 2026. Bcnsprnw @Library